| 000 -LEADER |
| fixed length control field |
00962nam a2200253Ia 4500 |
| 001 - CONTROL NUMBER |
| control field |
3223 |
| 003 - CONTROL NUMBER IDENTIFIER |
| control field |
GE_BSU |
| 005 - DATE AND TIME OF LATEST TRANSACTION |
| control field |
20221101145038.0 |
| 008 - FIXED-LENGTH DATA ELEMENTS--GENERAL INFORMATION |
| fixed length control field |
181216s1997ru xx |||||||||||||| ||rus|| |
| 020 ## - INTERNATIONAL STANDARD BOOK NUMBER |
| International Standard Book Number |
5851731125 |
| 040 ## - CATALOGING SOURCE |
| Transcribing agency |
GE_BSU |
| 041 ## - LANGUAGE CODE |
| Language code of text/sound track or separate title |
rus |
| 080 ## - UNIVERSAL DECIMAL CLASSIFICATION NUMBER |
| Universal Decimal Classification number |
330.1(075.8) Х- 68 |
| 100 ## - MAIN ENTRY--PERSONAL NAME |
| Personal name |
Ховард, К. |
| 9 (RLIN) |
15693 |
| 245 ## - TITLE STATEMENT |
| Title |
Экономическая теория: |
| Remainder of title |
Учебник для вузов=ECONOMIC THEOEY / |
| Statement of responsibility, etc. |
К. Ховард, Г.Журавлева, Н. Эриашвили , ред. Н.Д.Эриашвили. |
| 264 ## - PRODUCTION, PUBLICATION, DISTRIBUTION, MANUFACTURE, AND COPYRIGHT NOTICE |
| Place of production, publication, distribution, manufacture |
Москва : |
| Name of producer, publisher, distributor, manufacturer |
Банки и Биржы. ЮНИТИ, |
| Date of production, publication, distribution, manufacture, or copyright notice |
1997. |
| 300 ## - PHYSICAL DESCRIPTION |
| Extent |
278 ст.: |
| 653 ## - INDEX TERM--UNCONTROLLED |
| keyword |
Экономическая теория: |
| 653 ## - INDEX TERM--UNCONTROLLED |
| keyword |
ეკონომიკური თეორია |
| 700 ## - ADDED ENTRY--PERSONAL NAME |
| Personal name |
Журавлева, Г. |
| 9 (RLIN) |
15694 |
| 700 ## - ADDED ENTRY--PERSONAL NAME |
| Personal name |
Эриашвили, Н. |
| 9 (RLIN) |
6777 |
| 700 ## - ADDED ENTRY--PERSONAL NAME |
| Personal name |
Эриашвили, Н.Д. |
| Relator term |
რედაქტორი |
| 9 (RLIN) |
6779 |
| 942 ## - ADDED ENTRY ELEMENTS (KOHA) |
| Koha item type |
წიგნი |
| Source of classification or shelving scheme |
|